| 000 | 00542nam a2200181 a 4500 | ||
|---|---|---|---|
| 005 | 20241022063650.0 | ||
| 008 | 991125s1972 es 000 0 spa u | ||
| 035 | _aUPN01000000187 | ||
| 049 | _aCG | ||
| 050 | 4 |
_aHQ769 _bC4.38 |
|
| 100 | 1 |
_aClauser, Friedrich Wilhelm Günter, _d1923-1982 _934093 |
|
| 245 | 1 | 0 |
_aABC de los padres / _cGünter Clauser ; tr. Damián Pedrosa Saiz. |
| 260 |
_aBarcelona [Esp.] : _bHerder, _c1972. |
||
| 300 |
_a383 p. : _bil. |
||
| 650 | 4 |
_aNiños _xDirección _96094 |
|
| 650 | 4 |
_aAdolescencia _91008 |
|
| 905 | _aLibro | ||
| 999 |
_c187 _d187 |
||